000
00292nam a22001337a 4500
008
170303b xxu||||| |||| 00| 0 eng d
020
_a
9780077397500
041
_a
eng
080
_2
9 ED
_a
575
100
_a
6
101
_a
SHM
245
_a
FOUNDATION GENETICS
_c
JOHNSON.R
942
_2
udc
_c
BK
999
_c
6743
_d
6743